000 00355pab a2200157 454500
008 180718b1986 xxu||||| |||| 00| 0 eng d
100 _aJacobs, James
245 _aShould police he armed?
260 _c1986
300 _a12-13
362 _a11 July
650 _aPolice - U.K.
700 _aAndrew Sanders
773 _aNew Society
909 _a15183
999 _c15183
_d15183